Aller au contenu

Информационные системы в управлении фирмой на примере моделирующей компьютерной игры «Бизнес-курс: Корпорация Плюс» учебно-методическое пособие для подготовки к практическим занятиям и для самостоятельной работы студентов

Учебно-методическое пособие подготовлено в соответствии с программой курса «Информационные системы в управлении фирмой (Бизнесрешения)» для студентов направления подготовки «Экономика». Пособие содержит краткие теоретические сведения по темам курса: «Управленческие решения», «Анализ и планирование д...

Description complète

Enregistré dans:
Détails bibliographiques
Auteur principal: Патеюк А. Г.
Format: Книга
Langue:Russian
Publié: Омск ОмГУПС 2021
Édition:2-е изд., с измен.
Sujets:
Accès en ligne:https://e.lanbook.com/book/190226
https://e.lanbook.com/img/cover/book/190226.jpg
Tags: Ajouter un tag
Pas de tags, Soyez le premier à ajouter un tag!
LEADER 02739nam0a2200337 i 4500
001 190226
003 RuSpLAN
005 20221220174139.0
008 221220s2021 ru gs 000 0 rus
040 |a RuSpLAN 
041 0 |a rus 
044 |a ru 
080 |a 004.4: 338.242(075.8) 
084 |a 65.291я73  |2 rubbk 
245 0 0 |a Информационные системы в управлении фирмой на примере моделирующей компьютерной игры «Бизнес-курс: Корпорация Плюс»  |b учебно-методическое пособие для подготовки к практическим занятиям и для самостоятельной работы студентов  |c Патеюк А. Г. 
250 |a 2-е изд., с измен. 
260 |a Омск  |b ОмГУПС  |c 2021 
300 |a 49 с. 
500 |a Утверждено методическим советом университета 
504 |a Библиогр.: доступна в карточке книги, на сайте ЭБС Лань 
520 8 |a Учебно-методическое пособие подготовлено в соответствии с программой курса «Информационные системы в управлении фирмой (Бизнесрешения)» для студентов направления подготовки «Экономика». Пособие содержит краткие теоретические сведения по темам курса: «Управленческие решения», «Анализ и планирование деятельности предприятия», «Оценка эффективности управления». Объясняются исходные положения моделирующей компьютерной игры «Бизнес-курс: Корпорация Плюс». Предназначено для студентов направления подготовки «Экономика» очной, заочной и дистанционной форм обучения. 
521 8 |a Книга из коллекции ОмГУПС - Экономика и менеджмент 
653 0 |a управление предприятием 
653 0 |a бухгалтерский учет 
653 0 |a финансовая отчетность 
653 0 |a налогообложение 
653 0 |a экономика предприятия 
100 1 |a Патеюк А. Г. 
856 4 |u https://e.lanbook.com/book/190226 
856 4 8 |u https://e.lanbook.com/img/cover/book/190226.jpg 
953 |a https://e.lanbook.com/img/cover/book/190226.jpg